000 00642nam0a22002291 4500
001 RU\NLR\BIBL_A\022565191
005 20250630183131.0
035 _a(NLR Aleph) 022565191
090 _a13439427
_c13439427
100 _a20250610d1978 |||y0rusy50 ca
101 0 _arus
102 _aRU
105 _ac z 000yd
200 1 _aАлекс Ла Гума
_fС.П. Картузов
210 _aМосква
_cНаука
_d1978
215 _a125 с.
700 1 _aКартузов
_bС.П.
_gСтанислав Петрович
852 _aNLR
_bОЛСАА-сл-спр
_j2-1999
942 _cBOOK
980 _aNB
980 1 _aSL_SPR